Statistics for ATP tennis players quiz

Click here to take the quiz!

General Stats

  • This quiz has been taken 40 times
  • The average score is 11 of 14

Answer Stats

DescriptionAnswer% Correct
Swiss maestro with 20 Grand Slam titles in his pocketRoger Federer
100%
Best serb to play the game imo, currently #1 in the worldNovak Djokovic
100%
King of Clay, has won the French Open 11 timesRafael Nadal
100%
First Brit to win Wimbledon in, what is it, 150,000 years? Also won the Olympics twiceAndy Murray
94%
Pete Samprases famous rival, completed the golden slamAndre Agassi
88%
#1 hothead ever to live, lefty, and owner 7 grand slam titlesJohn Macenroe
85%
Only men's player to ever complete a calendar Grand Slam twiceRod Laver
85%
Has one of the game's most massive one handers, the 'Stanimal'Stanislas Wawrinka
82%
Only Japanese atp player to make it inside the top 5 in the worldKei Nishikori
82%
Previous record holder for most Grand Slams, with 14 of themPete Sampras
70%
(This one is pretty hard) Young Australian badboy, loves to showboat in matchesNick Kyrgios
70%
Known as a very big server, lost to Federer in four Grand Slam finals and has only won oneAndy Roddick
61%
Aussie who won two Grand Slam titles and coaches the Australian Davis Cup teamLleyton Hewitt
61%
Known for winning the French Open at the age of 17, beating Ivan Lendl in the finalsMichael Chang
52%

Score Distribution

Percentile by Number Answered

Percent of People with Each Score

Your Score History

You have not taken this quiz